[Event "Titled Tuesday intern op 18th Jun Late"]
[Site "Chess.com INT"]
[Date "2024.06.18"]
[Round "7"]
[White "Papaioannou, Dimitrios"]
[Black "Idani, Pouya"]
[Result "0-1"]
[WhiteElo "2025"]
[BlackElo "2595"]
[PlyCount "45"]
[EventDate "2024.06.18"]
[EventType "swiss (blitz)"]
[EventRounds "11"]
[EventCountry "USA"]
[SourceTitle "EXT 2025"]
[Source "ChessBase"]
[SourceDate "2024.10.14"]
[SourceVersion "1"]
[SourceVersionDate "2024.10.14"]
[SourceQuality "1"]

1. e4 c6 2. d4 d5 3. exd5 cxd5 4. Bd3 Nf6 5. c3 Bg4 6. Qb3 Qc7 7. Ne2 Bxe2 8. Bxe2 e6 9. Bf4 Qxf4 10. Qxb7 Qc1+ 11. Bd1 Bd6 12. 0-0 0-0 13. g3 Nbd7 14. Ba4 Rab8 15. Qxd7 Qxf1+ 16. Kxf1 Nxd7 17. Bxd7 Rxb2 18. Ba4 Rfb8 19. Bb3 a5 20. Ke1 a4 21. Nd2 axb3 22. axb3 Rc2 23. c4 0-1

[Event "Titled Tuesday intern op 18th Jun Late"]
[Site "Chess.com INT"]
[Date "2024.06.18"]
[Round "1"]
[White "Papaioannou, Dimitrios"]
[Black "Mesquita, Eduardo Barbosa"]
[Result "1-0"]
[WhiteElo "2025"]
[BlackElo "1969"]
[PlyCount "67"]
[EventDate "2024.06.18"]
[EventType "swiss (blitz)"]
[EventRounds "11"]
[EventCountry "USA"]
[SourceTitle "EXT 2025"]
[Source "ChessBase"]
[SourceDate "2024.10.14"]
[SourceVersion "1"]
[SourceVersionDate "2024.10.14"]
[SourceQuality "1"]

1. Nf3 d5 2. e3 e6 3. b3 Nf6 4. Bb2 Be7 5. c4 0-0 6. Nc3 b6 7. cxd5 exd5 8. d4 Bb7 9. Bd3 Ne4 10. Qc2 f5 11. 0-0 Nd7 12. Ne2 Ndf6 13. Nf4 Qd7 14. Ne5 Qd6 15. f3 g5 16. Ne2 Qb4 17. a3 Qd2 18. fxe4 Qxe3+ 19. Kh1 fxe4 20. Bb5 Bd6 21. Bc1 Ng4 22. Rxf8+ Rxf8 23. Bxe3 Nxe3 24. Qd2 Nf1 25. Qxg5+ Kh8 26. Nf4 Bc8 27. Nfg6+ hxg6 28. Qh6+ Kg8 29. Qxg6+ Kh8 30. Nf7+ Rxf7 31. Qxf7 e3 32. Bd3 Bf5 33. Bxf5 Ng3+ 34. hxg3 1-0

[Event "Titled Tuesday intern op 19th Mar Late"]
[Site "Chess.com INT"]
[Date "2024.03.19"]
[Round "2"]
[White "Papaioannou, Dimitrios"]
[Black "Dreev, Alexey"]
[Result "0-1"]
[WhiteElo "1991"]
[BlackElo "2606"]
[PlyCount "36"]
[EventDate "2024.03.19"]
[EventType "swiss (blitz)"]
[EventRounds "11"]
[EventCountry "USA"]
[SourceTitle "EXT 2025"]
[Source "ChessBase"]
[SourceDate "2024.10.14"]
[SourceVersion "1"]
[SourceVersionDate "2024.10.14"]
[SourceQuality "1"]

1. e4 e5 2. Nf3 Nc6 3. Bb5 a6 4. Ba4 Nge7 5. c3 Ng6 6. d4 exd4 7. cxd4 Bb4+ 8. Nc3 d5 9. exd5 Bxc3+ 10. bxc3 Qxd5 11. 0-0 0-0 12. Ng5 h6 13. Bb3 Qa5 14. Qh5 Nce7 15. f4 hxg5 16. fxg5 Qxc3 17. Ba3 Qxd4+ 18. Kh1 Bg4 0-1

[Event "Titled Tuesday intern op 19th Mar Late"]
[Site "Chess.com INT"]
[Date "2024.03.19"]
[Round "4"]
[White "Papaioannou, Dimitrios"]
[Black "Tarhan, Adar"]
[Result "0-1"]
[WhiteElo "1991"]
[BlackElo "2432"]
[PlyCount "46"]
[EventDate "2024.03.19"]
[EventType "swiss (blitz)"]
[EventRounds "11"]
[EventCountry "USA"]
[SourceTitle "EXT 2025"]
[Source "ChessBase"]
[SourceDate "2024.10.14"]
[SourceVersion "1"]
[SourceVersionDate "2024.10.14"]
[SourceQuality "1"]

1. c4 Nf6 2. Nc3 e5 3. Nf3 Nc6 4. e3 d5 5. cxd5 Nxd5 6. Bb5 Nxc3 7. bxc3 Bd6 8. d4 exd4 9. cxd4 0-0 10. 0-0 Bg4 11. h3 Bh5 12. Be2 Re8 13. a4 Qf6 14. Ba3 Rad8 15. Bxd6 Rxd6 16. Rb1 b6 17. Rb5 Bg6 18. Qc1 h6 19. d5 a6 20. dxc6 axb5 21. Qa1 Qxa1 22. Rxa1 b4 23. Bb5 b3 0-1

[Event "Titled Tuesday intern op 19th Mar Late"]
[Site "Chess.com INT"]
[Date "2024.03.19"]
[Round "3"]
[White "Tarasova, Viktoriya"]
[Black "Papaioannou, Dimitrios"]
[Result "0-1"]
[WhiteElo "2226"]
[BlackElo "1991"]
[PlyCount "68"]
[EventDate "2024.03.19"]
[EventType "swiss (blitz)"]
[EventRounds "11"]
[EventCountry "USA"]
[SourceTitle "EXT 2025"]
[Source "ChessBase"]
[SourceDate "2024.10.14"]
[SourceVersion "1"]
[SourceVersionDate "2024.10.14"]
[SourceQuality "1"]

1. d4 Nf6 2. c4 e6 3. Nc3 b6 4. e4 d6 5. Bd3 Bb7 6. Nge2 g6 7. 0-0 Bg7 8. h3 Nbd7 9. Be3 e5 10. d5 Nc5 11. Bc2 a5 12. f4 exf4 13. Bd4 Nh5 14. Bxg7 Nxg7 15. Qd4 0-0 16. e5 g5 17. exd6 Qxd6 18. Nb5 Qd7 19. Nec3 Rae8 20. Rae1 Nh5 21. Bd1 Ng3 22. Rxe8 Rxe8 23. Bg4 f5 24. Qf6 fxg4 25. Qxg5+ Qg7 26. Qxg7+ Kxg7 27. Rxf4 h5 28. hxg4 h4 29. g5 Re1+ 30. Kf2 Nd3+ 31. Kf3 Rf1+ 32. Kg4 Rxf4+ 33. Kh3 Nf1 34. Nxc7 Nf2# 0-1

[Event "GRE-chT 48th"]
[Site "Athens"]
[Date "2021.09.12"]
[Round "7.2"]
[White "Garoufalidis, Charalampos"]
[Black "Papaioannou, Dimitrios"]
[Result "0-1"]
[WhiteElo "1019"]
[BlackElo "2053"]
[PlyCount "92"]
[EventDate "2021.09.07"]
[EventType "team-swiss"]
[EventRounds "7"]
[EventCountry "GRE"]
[SourceTitle "CBM 204 Extra"]
[Source "ChessBase"]
[SourceDate "2021.11.30"]
[SourceVersion "1"]
[SourceVersionDate "2021.11.30"]
[SourceQuality "1"]
[WhiteTeam "Zeenon Glyfathas"]
[BlackTeam "Nikaia Fysiolatris"]
[WhiteTeamCountry "GRE"]
[BlackTeamCountry "GRE"]

1. e4 e6 2. d4 d5 3. exd5 exd5 4. Nf3 Bg4 5. Be2 Bd6 6. 0-0 Ne7 7. Nbd2 0-0 8. Re1 Nd7 9. c4 c6 10. b3 a5 11. Bb2 a4 12. Qc2 a3 13. Bc3 h6 14. Ng5 Bf5 15. Bd3 Bxd3 16. Qxd3 hxg5 17. Nf3 Ng6 18. Qf5 g4 19. Qxg4 Nf6 20. Qf5 Ne4 21. Bd2 Nh4 22. Nxh4 Bxh2+ 23. Kxh2 Qxh4+ 24. Kg1 Nxd2 25. Re3 g6 26. Qd3 Ne4 27. Rf1 Qf6 28. Rf3 Qd6 29. c5 Qc7 30. Qe3 Kg7 31. Rh3 Rh8 32. Rxh8 Rxh8 33. g3 f5 34. Qf4 Qxf4 35. gxf4 Rh4 36. f3 Rxf4 37. fxe4 Rxf1+ 38. Kxf1 fxe4 39. Kf2 Kf6 40. b4 Kf5 41. Kg3 g5 42. Kf2 Kf4 43. Kf1 Ke3 44. Ke1 Kxd4 45. Ke2 Kc4 46. b5 cxb5 0-1

[Event "GRE-chT 48th"]
[Site "Athens"]
[Date "2021.09.10"]
[Round "5.2"]
[White "Terzakis, Georgios"]
[Black "Papaioannou, Dimitrios"]
[Result "0-1"]
[WhiteElo "1242"]
[BlackElo "2053"]
[PlyCount "102"]
[EventDate "2021.09.07"]
[EventType "team-swiss"]
[EventRounds "7"]
[EventCountry "GRE"]
[SourceTitle "CBM 204 Extra"]
[Source "ChessBase"]
[SourceDate "2021.11.30"]
[SourceVersion "1"]
[SourceVersionDate "2021.11.30"]
[SourceQuality "1"]
[WhiteTeam "OFI"]
[BlackTeam "Nikaia Fysiolatris"]
[WhiteTeamCountry "GRE"]
[BlackTeamCountry "GRE"]

1. Nf3 c5 2. g3 Nc6 3. Bg2 g6 4. 0-0 Bg7 5. c3 e5 6. e4 Nge7 7. d3 0-0 8. Be3 b6 9. Nbd2 d5 10. exd5 Nxd5 11. Nc4 Bb7 12. a4 Qd7 13. Qd2 Rfe8 14. Bh6 Bh8 15. Ng5 Rad8 16. Ne4 Qc7 17. h4 f5 18. Ng5 Bf6 19. h5 Qc8 20. hxg6 hxg6 21. Rae1 Bg7 22. Bxg7 Kxg7 23. f4 Ba6 24. Nxe5 Nxe5 25. Rxe5 Rxe5 26. fxe5 Nc7 27. Rf3 Qd7 28. c4 Bxc4 29. Qc3 Be6 30. Nxe6+ Nxe6 31. b3 Qd4+ 32. Qxd4 Nxd4 33. Re3 Kf7 34. Bb7 Nxb3 35. Ba6 Na5 36. Bb5 Ke6 37. Kf2 Rd5 38. Kf3 Rxe5 39. Rxe5+ Kxe5 40. Ke3 g5 41. Ba6 Nb3 42. Bc4 Nd4 43. Ba6 Ne6 44. Bc4 Nc7 45. Ba2 a6 46. Bc4 b5 47. Bb3 Nd5+ 48. Kd2 Kd4 49. axb5 axb5 50. Bd1 Ne3 51. Bb3 Nf1+ 0-1

[Event "GRE-chT 48th"]
[Site "Athens"]
[Date "2021.09.09"]
[Round "4.2"]
[White "Papaioannou, Dimitrios"]
[Black "Mousliadis, Ippokratis"]
[Result "1-0"]
[WhiteElo "2053"]
[BlackElo "1175"]
[PlyCount "45"]
[EventDate "2021.09.07"]
[EventType "team-swiss"]
[EventRounds "7"]
[EventCountry "GRE"]
[SourceTitle "CBM 204 Extra"]
[Source "ChessBase"]
[SourceDate "2021.11.30"]
[SourceVersion "1"]
[SourceVersionDate "2021.11.30"]
[SourceQuality "1"]
[WhiteTeam "Nikaia Fysiolatris"]
[BlackTeam "Piraikos"]
[WhiteTeamCountry "GRE"]
[BlackTeamCountry "GRE"]

1. e4 Nf6 2. e5 Nd5 3. d4 d6 4. exd6 cxd6 5. Nf3 g6 6. Bc4 Nb6 7. Bb3 Bg7 8. h4 Bg4 9. Bxf7+ Kd7 10. Ne5+ dxe5 11. Qxg4+ Kc7 12. dxe5 Bxe5 13. 0-0 Nc6 14. Rd1 Qf8 15. Bb3 Rd8 16. Nc3 Rxd1+ 17. Qxd1 Qg7 18. Qe1 Rd8 19. Be3 Nd4 20. Rd1 Qf8 21. Bxd4 Bxd4 22. Rxd4 Rxd4 23. Nb5+ 1-0

[Event "Mittelrhein-chT 1112"]
[Site "Germany"]
[Date "2011.11.13"]
[Round "4.5"]
[White "Papaioannou, Dimitrios"]
[Black "Kohn, Sandro"]
[Result "1-0"]
[WhiteElo "2073"]
[BlackElo "2135"]
[PlyCount "49"]
[EventDate "2011.09.11"]
[EventType "team-tourn"]
[EventRounds "13"]
[EventCountry "GER"]
[SourceTitle "EXT 2013"]
[Source "ChessBase"]
[SourceDate "2012.11.22"]
[SourceVersion "1"]
[SourceVersionDate "2012.11.22"]
[SourceQuality "1"]
[WhiteTeam "Koeln Muelheim"]
[BlackTeam "Godesberg II"]
[WhiteTeamCountry "GER"]
[BlackTeamCountry "GER"]

1. e4 c5 2. Nf3 Nc6 3. Bb5 g6 4. 0-0 Bg7 5. Bxc6 bxc6 6. d3 Nh6 7. Nbd2 0-0 8. Re1 Rb8 9. Rb1 d6 10. e5 Nf5 11. b3 Nd4 12. Bb2 Ne6 13. exd6 exd6 14. Bxg7 Kxg7 15. Nf1 Re8 16. Qd2 Bd7 17. Ng3 f5 18. d4 Qf6 19. c3 cxd4 20. cxd4 Nc7 21. h3 Nd5 22. Qa5 Rb7 23. Rxe8 Bxe8 24. Re1 Re7 25. Qd2 1-0

[Event "GER-chT U20"]
[Site "Kelheim"]
[Date "2007.12.30"]
[Round "7.2"]
[White "Papaioannou, Dimitrios"]
[Black "Schneider, Christian"]
[Result "0-1"]
[WhiteElo "2028"]
[BlackElo "1964"]
[PlyCount "86"]
[EventDate "2007.12.27"]
[EventType "team-swiss"]
[EventRounds "7"]
[EventCountry "GER"]
[SourceTitle "EXT 2022"]
[Source "ChessBase"]
[SourceDate "2021.10.06"]
[SourceVersion "1"]
[SourceVersionDate "2021.10.06"]
[SourceQuality "1"]
[WhiteTeam "Koeln Muelheim U20"]
[BlackTeam "Stadtilm Blau Weiss U20"]
[WhiteTeamCountry "GER"]
[BlackTeamCountry "GER"]

1. d4 d5 2. Nf3 Nf6 3. c4 e6 4. g3 Be7 5. Bg2 0-0 6. 0-0 c6 7. Nbd2 Nbd7 8. b3 b6 9. Bb2 Bb7 10. Ne5 Nxe5 11. dxe5 Nd7 12. e4 dxc4 13. Nxc4 Ba6 14. Qc2 Qc7 15. Rfd1 Bxc4 16. Qxc4 Nxe5 17. Bxe5 Qxe5 18. Qxc6 Rac8 19. Qa4 Rc2 20. Rac1 Rxc1 21. Rxc1 Qb2 22. Rf1 a5 23. Qb5 Bc5 24. a4 Rd8 25. h4 h5 26. Qc6 g6 27. Qc7 Rd3 28. Qf4 e5 29. Qg5 Kg7 30. Bh3 f6 31. Qc1 Bxf2+ 32. Kh1 Qxc1 33. Rxc1 Rxb3 34. Rc7+ Kh6 35. Be6 Rxg3 36. Bg8 g5 37. hxg5+ fxg5 38. Rc6+ Kg7 39. Bd5 g4 40. Rc7+ Kh6 41. Kh2 Rg1 42. Rf7 Bd4 43. Rf5 g3+ 0-1

[Event "GER-chT U20"]
[Site "Kelheim"]
[Date "2007.12.29"]
[Round "6.2"]
[White "Papaioannou, Dimitrios"]
[Black "Eibl, Maximilian"]
[Result "1/2-1/2"]
[WhiteElo "2028"]
[BlackElo "2004"]
[PlyCount "69"]
[EventDate "2007.12.27"]
[EventType "team-swiss"]
[EventRounds "7"]
[EventCountry "GER"]
[SourceTitle "EXT 2022"]
[Source "ChessBase"]
[SourceDate "2021.10.06"]
[SourceVersion "1"]
[SourceVersionDate "2021.10.06"]
[SourceQuality "1"]
[WhiteTeam "Koeln Muelheim U20"]
[BlackTeam "Kelheim SK U20"]
[WhiteTeamCountry "GER"]
[BlackTeamCountry "GER"]

1. e4 c5 2. Nf3 d6 3. d4 cxd4 4. Nxd4 Nf6 5. Nc3 a6 6. Be2 e6 7. a4 Be7 8. 0-0 Qc7 9. f4 0-0 10. Bf3 Nc6 11. Nb3 b6 12. Be3 Bb7 13. Qe2 Nb4 14. a5 Nd7 15. axb6 Nxb6 16. Na5 Rac8 17. Nxb7 Qxb7 18. Kh1 Nc4 19. Bc1 Qc7 20. Na4 Na5 21. c3 Nb3 22. Ra3 Nxc1 23. Rxc1 a5 24. Rd1 Nc6 25. Raa1 Rb8 26. Rd2 Rfc8 27. Qf1 Nd8 28. Be2 Qc6 29. Rd4 Bf6 30. Rc4 Qd7 31. Rxc8 Qxc8 32. Bc4 Qc6 33. Qd3 Rc8 34. b3 Nb7 35. Rd1 1/2-1/2

[Event "GER-chT U20"]
[Site "Berlin"]
[Date "2005.12.27"]
[Round "2.3"]
[White "Papaioannou, Dimitrios"]
[Black "Karmann, Alexander"]
[Result "1-0"]
[WhiteElo "2024"]
[BlackElo "1816"]
[PlyCount "49"]
[EventDate "2005.12.27"]
[EventType "team-swiss"]
[EventRounds "7"]
[EventCountry "GER"]
[SourceTitle "EXT 2022"]
[Source "ChessBase"]
[SourceDate "2021.10.06"]
[SourceVersion "1"]
[SourceVersionDate "2021.10.06"]
[SourceQuality "1"]
[WhiteTeam "Koeln Muelheim U20"]
[BlackTeam "Porz SG U20"]
[WhiteTeamCountry "GER"]
[BlackTeamCountry "GER"]

1. d4 d5 2. Nc3 e6 3. e4 dxe4 4. Nxe4 Nf6 5. Bg5 Be7 6. Bxf6 Bxf6 7. Nf3 0-0 8. c3 b6 9. Bd3 Bb7 10. Qe2 Nd7 11. 0-0-0 Qc8 12. Rhg1 c5 13. dxc5 bxc5 14. Nd6 Qc7 15. Nxb7 Rab8 16. Nd6 g6 17. Nc4 Nb6 18. Nxb6 axb6 19. Kb1 Rfc8 20. Ba6 Rf8 21. Bb5 Rfd8 22. h4 Rxd1+ 23. Rxd1 Rd8 24. g3 Rxd1+ 25. Qxd1 1-0

[Event "GER-chT U16"]
[Site "Burg Stargard"]
[Date "2002.12.30"]
[Round "7.3"]
[White "Papaioannou, Dimitrios"]
[Black "Natsidis, Christoph"]
[Result "1/2-1/2"]
[WhiteElo "1828"]
[BlackElo "1661"]
[PlyCount "90"]
[EventDate "2002.12.27"]
[EventType "team-tourn"]
[EventRounds "7"]
[EventCountry "GER"]
[SourceTitle "CBM 092 Extra"]
[Source "ChessBase"]
[SourceDate "2003.03.07"]
[SourceVersion "1"]
[SourceVersionDate "2003.03.07"]
[SourceQuality "1"]

1. e4 e6 2. d4 d5 3. Nc3 Bb4 4. Nge2 dxe4 5. a3 Bxc3+ 6. Nxc3 Nf6 7. Bg5 0-0 8. Nxe4 Nbd7 9. Qf3 h6 10. Bh4 Rb8 11. Bd3 b6 12. 0-0-0 Bb7 13. Nxf6+ Nxf6 14. Qh3 Kh8 15. c3 Qd6 16. Bg3 Qd5 17. f3 Qg5+ 18. Kb1 Nd5 19. Bh4 Nf4 20. Bxg5 Nxh3 21. Be3 Ng5 22. Bxg5 hxg5 23. h4 g4 24. fxg4 Bxg2 25. Rhg1 Bb7 26. Rdf1 Rbd8 27. Kc2 g6 28. Rf6 Kg7 29. Rgf1 Bg2 30. R1f2 Bh3 31. R6f4 f5 32. g5 Bg4 33. Be2 Bxe2 34. Rxe2 Kf7 35. Re5 Rd5 36. Rxd5 exd5 37. h5 Re8 38. h6 Re4 39. Rxe4 fxe4 40. a4 c6 41. Kd2 Kg8 42. c4 a6 43. Ke3 b5 44. cxb5 cxb5 45. axb5 axb5 1/2-1/2

[Event "GER-chT U16"]
[Site "Burg Stargard"]
[Date "2002.12.28"]
[Round "3.3"]
[White "Hoffmann, Lukas"]
[Black "Papaioannou, Dimitrios"]
[Result "0-1"]
[WhiteElo "1788"]
[BlackElo "1828"]
[PlyCount "114"]
[EventDate "2002.12.27"]
[EventType "team-tourn"]
[EventRounds "7"]
[EventCountry "GER"]
[SourceTitle "CBM 092 Extra"]
[Source "ChessBase"]
[SourceDate "2003.03.07"]
[SourceVersion "1"]
[SourceVersionDate "2003.03.07"]
[SourceQuality "1"]

1. e4 c5 2. Nf3 d6 3. d4 cxd4 4. Nxd4 Nf6 5. Nc3 a6 6. Be2 e6 7. a4 Be7 8. 0-0 0-0 9. Be3 Nbd7 10. Nb3 b6 11. f4 Bb7 12. Bf3 Qc7 13. g4 Nc5 14. Nxc5 dxc5 15. g5 Nd7 16. Bg2 f6 17. Qg4 Qc6 18. g6 hxg6 19. Qxg6 f5 20. e5 Qxg2+ 21. Qxg2 Bxg2 22. Kxg2 Kf7 23. Rad1 Rad8 24. Rd2 Nb8 25. Rfd1 Rxd2+ 26. Rxd2 Rg8 27. Kf3 Nc6 28. Rd7 Rb8 29. Na2 Ke8 30. Rd2 Na5 31. b3 b5 32. axb5 axb5 33. Nc3 c4 34. bxc4 Bb4 35. Nxb5 Bxd2 36. Nd6+ Kd7 37. Bxd2 Nb7 38. Bb4 Nxd6 39. Bxd6 Rb2 40. c5 Rxc2 41. Kg3 g6 42. h3 Rc3+ 43. Kh4 Rf3 44. Kg5 Rxh3 45. Kxg6 Rh4 46. Kg5 Rg4+ 47. Kf6 Rxf4 48. c6+ Kxc6 49. Kxe6 Rf1 50. Kf7 f4 51. e6 f3 52. Bg3 Rg1 53. Bh4 Rg4 54. Be1 Re4 55. Bg3 Re2 56. Bh4 f2 57. Bxf2 Rxf2+ 0-1